Treasure / (Record no. 484)

MARC details
000 -LEADER
fixed length control field 00838cam a2200289 a 4500
005 - DATE AND TIME OF LATEST TRANSACTION
control field 20260322212021.0
008 - FIXED-LENGTH DATA ELEMENTS--GENERAL INFORMATION
fixed length control field data
010 ## - LIBRARY OF CONGRESS CONTROL NUMBER
LC control number 90081607
020 ## - INTERNATIONAL STANDARD BOOK NUMBER
International Standard Book Number 0894718517
020 ## - INTERNATIONAL STANDARD BOOK NUMBER
International Standard Book Number 9780894718519
040 ## - CATALOGING SOURCE
Original cataloging agency DLC
Transcribing agency DLC
Modifying agency DLC
050 00 - LIBRARY OF CONGRESS CALL NUMBER
Classification number G525
Item number .G77 1990
082 00 - DEWEY DECIMAL CLASSIFICATION NUMBER
Classification number 909
Edition information 20
092 ## - LOCALLY ASSIGNED DEWEY CALL NUMBER (OCLC)
Classification number 909 G77
001 - CONTROL NUMBER
control field data
100 1# - MAIN ENTRY--PERSONAL NAME
Personal name Groushko, Mike.
245 10 - TITLE STATEMENT
Title Treasure /
Statement of responsibility, etc. Mike Groushko.
260 ## - PUBLICATION, DISTRIBUTION, ETC.
Place of publication, distribution, etc. Philadelphia, Pa. :
Name of publisher, distributor, etc. Courage Books,
Date of publication, distribution, etc. 1990.
300 ## - PHYSICAL DESCRIPTION
Extent 128 p. :
Other physical details ill. (some col.) ;
Dimensions 34 cm.
500 ## - GENERAL NOTE
General note "A Quintet book"--T.p. verso.
500 ## - GENERAL NOTE
General note Includes index.
650 #0 - SUBJECT ADDED ENTRY--TOPICAL TERM
Topical term or geographic name entry element Treasure troves.
906 ## - LOCAL DATA ELEMENT F, LDF (RLIN)
a 7
b cbc
c orignew
d 2
e opcn
f 19
g y-gencatlg
922 ## -
-- co
991 ## -
-- c-GenColl
-- G525
-- .G77 1990
-- Copy 1
-- fol.
-- BOOKS
Holdings
Withdrawn status Lost status Damaged status Not for loan Home library Current library Shelving location Date acquired Total checkouts Full call number Barcode Date last seen Price effective from Koha item type
        Troy Troy General stacks 22/03/2026   909 20 BC0010495 22/03/2026 22/03/2026 Books